| 000 | 01365nam a22003977a 4500 | ||
|---|---|---|---|
| 003 | OSt | ||
| 005 | 20230524102244.0 | ||
| 008 | 221006b |||||||| |||| 00| 0 eng d | ||
| 040 | _cBiblioteca Lado V | ||
| 082 |
_a700 _bA786l |
||
| 110 |
_9830 _aARTEDER _eEditor |
||
| 245 |
_aLAPIZ/ _bRevista Mensual de Arte/ |
||
| 260 |
_bFeria internacional de Bilbao _c1992 _aEspaña |
||
| 300 |
_c22x29cm _a90p. |
||
| 366 | _espa | ||
| 490 |
_a84 _vX |
||
| 505 | _aLa nave va | ||
| 505 | _arealismo alucinatorio | ||
| 505 | _aFuegos Fautos | ||
| 505 | _aVamos a contar mentiras | ||
| 505 | _aMiedo a la oscuridad | ||
| 505 | _aEl contorno del silencio | ||
| 505 | _aEl espacio como ficción | ||
| 505 | _a1.929 piedras... por ahora | ||
| 505 | _aCronicas de exposiciones | ||
| 650 |
_2Tesauro de Arte & Arquitectura _aARTE _9703 |
||
| 650 |
_2Tesauro de Arte & Arquitectura _aARQUITECTURA |
||
| 650 |
_2Tesauro de Arte & Arquitectura _aFOTOGRAFIA _9702 |
||
| 650 |
_2Tesauro de Arte & Arquitectura _aENTREVISTAS |
||
| 650 |
_2Tesauro de Arte & Arquitectura _aARQUEOLOGIA |
||
| 650 |
_2Tesauro de Arte & Arquitectura _aREPORTAJES |
||
| 650 |
_2Tesauro de Arte & Arquitectura _aLIBROS |
||
| 650 |
_2Tesauro de Arte & Arquitectura _aNOTICIAS |
||
| 651 |
_2Tesauro de Arte & Arquitectura _aSUBASTAS |
||
| 942 |
_2ddc _c1 _h700 _iA786l _n0 |
||
| 999 |
_c3694 _d3694 |
||